000 01028nam a22001937a 4500
005 20260127144251.0
008 230714b ||||| |||| 00| 0 eng d
040 _cSSBUL
_dSSBUL
082 _223
_a၆၁၅.၉၄၂ စံ ၁၆၀၄၄ (S-SAT)
100 _aစံထွန်းအောင်။
_928020
245 1 0 _aလက်တွေ့မြွေဆိပ်ဖြေဆေး /
_cစံထွန်းအောင်။
260 _aရန်ကုန်၊
_bစာပေဗိမာန်၊
_c၁၉၆၅။
300 _a၆၃ စာမျက်နှာ၊
_bဓာတ်ပုံများ၊
_c၁၉ စင်တီ။
440 _aစာပေဗိမာန်ထုတ် ပြည်သူ့လက်စွဲစာစဉ်။
_927865
500 _aS-SAT: Dr. Prof Sai Aung Tun
650 _aမြွေဆိပ်။
_928021
650 _aမြွေဆိပ်ဖြေဆေး။
_xအဆိပ်နှင့် အဆိပ်သင့်ခြင်း။
_928022
942 _2ddc
_cBK1
999 _c27228
_d27228